000 01693nam a22002897a 4500
001 8106
003 FISKH
005 20250825115606.0
008 250825b cb ||||| |||| 00| 0 eng d
020 _a9789995001063
040 _aFISKH
_bkhr
_cFISKH
_dFISKH
050 _aPZ7
100 _aSotheary, Kimsun
245 _aកូនកង្កែបស្តាប់ដំបូន្មាន :
_bObedient baby frog /
_cរៀបរៀងដោយ គឹមស៊ុន សុធារី ,​ គណ:កម្មការអំណាន លោក វ៉ាន់ សុភ័ក្រ្ត និង កញ្ញា ហេង ចរិយា​
260 _aភ្នំពេញ :
_bReading Books ,
_c2010 .
300 _a20 pages :
_bcolor illustrations ;
_c25 cm .
505 _aL
520 _aមេរបស់កង្កែបចេញទៅរកចំនីដោយទុកកូននៅផ្ទះ ។ កង្កែបលោតចេញក្រៅបានឃើញពស់ វាក៏លោតចូលផ្ទះវិញយ៉ាងលឿន រង់ចាំមេវាត្រលប់មកវិញ ។​
520 _aThe frog's mother went out to find food, leaving her child at home. The frog jumped outside and saw a snake, so it quickly jumped back inside and waited for its mother to return.
521 8 _a550
_bLexile estimate
521 8 _aL
_bRaz-Plus
650 _aកូនកង្កែបស្តាប់ដំបូន្មាន
_vរឿងនិទានកុមារ
650 _aObedient baby frog
_vChildren's stories
700 _aLyda, Moeuk
_eIllustrator
942 _2ddc
_cKHB
_n0
999 _c8106
_d8106